Chansons de XXXTentacion - Album ? - Statistiques

Statistiques générales
  • Ce quiz a été pris 15 fois
  • Le résultat moyen est 6 sur 18
Statistiques - réponses
Ordre dans l'album Chansons % Correct
04 SAD!
89%
15 changes
67%
03 Moonlight
67%
16 Hope
56%
07 NUMB
56%
14 I don't even speak spanish lol
33%
12 love yourself
33%
02 ALONE, PART 3
22%
18 before I close my eyes
22%
06 Floor 555
22%
01 Introduction
22%
17 schizophrenia
22%
13 SMASH!
22%
05 the remedy for a broken heart
22%
09 going down!
11%
08 infinity (888)
11%
10 Pain = BESTFRIEND
11%
11 SSS
11%
Aucun quiz correspondant
Distribution des résultats
% des personnes avec chaque résultat
Percentile par nombre de réponses
Votre historique - résultats
Vous n’avez pas pris ce quiz